Statistiques concernant Pays du monde contenant deux N

Cliquez ici pour prendre le quiz!

Statistiques générales

  • Ce quiz a été pris 344 fois
  • Le résultat moyen est 7 sur 18

Statistiques - réponses

Pays% Correct
Nouvelle-Zélande
68%
Saint-Vincent-et-les-Grenadines
52%
Saint-Marin
48%
Papouasie-Nouvelle-Guinée
47%
Saint-Christophe-et-Niévès
47%
Afghanistan
45%
Argentine
45%
Finlande
43%
Indonésie
37%
Bosnie-Herzégovine
36%
République dominicaine
35%
Turkménistan
35%
République Centrafricaine
30%
Liechtenstein
28%
Monténégro
26%
Tanzanie
23%
Bénin
20%
Macédoine du Nord
20%

Distribution des résultats

Percentile par nombre de réponses

% des personnes avec chaque résultat

Votre développement - résultats

Vous n’avez pas pris ce quiz